| 000 -LEADER | |
|---|---|
| fixed length control field | 00381nam a22001697a 4500 |
| 005 - DATE AND TIME OF LATEST TRANSACTION | |
| control field | 20160623115734.0 |
| 008 - FIXED-LENGTH DATA ELEMENTS--GENERAL INFORMATION | |
| fixed length control field | 160623b xxu||||| |||| 00| 0 eng d |
| 020 ## - INTERNATIONAL STANDARD BOOK NUMBER | |
| ISBN | 978-0-07-058159-3 |
| 041 ## - LANGUAGE CODE | |
| Language code of text/sound track or separate title | eng |
| 082 ## - DEWEY DECIMAL CLASSIFICATION NUMBER | |
| Item number | 9356 |
| 100 ## - MAIN ENTRY--AUTHOR NAME | |
| Personal name | Sengupta, Subroto |
| 245 ## - TITLE STATEMENT | |
| Title | Brand Positioning |
| 260 ## - PUBLICATION, DISTRIBUTION, ETC. (IMPRINT) | |
| Name of publisher | TMH |
| Year of publication | 2009 |
| 300 ## - PHYSICAL DESCRIPTION | |
| Number of Pages | 287 |
| 650 ## - SUBJECT ADDED ENTRY--TOPICAL TERM | |
| Topical Term | Management |
| 942 ## - ADDED ENTRY ELEMENTS (KOHA) | |
| Koha item type | Books |
| Lost status | Damaged status | Collection code | Home library | Current library | Shelving location | Date acquired | Full call number | Accession Number | Koha item type |
|---|---|---|---|---|---|---|---|---|---|
| MANAGEMENT | JRU Library | JRU Library | SHELF- 67 N | 23/06/2016 | 658.827 | 9356 | Books | ||
| MANAGEMENT | JRU Library | JRU Library | SHELF- 67 N | 23/06/2016 | 658.827 | 9357 | Books | ||
| MANAGEMENT | JRU Library | JRU Library | SHELF- 67 N | 23/06/2016 | 658.827 | 9359 | Books | ||
| MANAGEMENT | JRU Library | JRU Library | SHELF- 67 N | 23/06/2016 | 658.827 | 9360 | Books | ||
| JRU Library | 23/06/2016 | 658.827 | 9361 | Books | |||||
| MANAGEMENT | JRU Library | JRU Library | SHELF- 67 N | 23/06/2026 | 658.827 | 9358 | Books |